1041 1576 1981 1779 1380 1089 1638 1221 1825 1665 1130 1945 1140 1790 1798 1735 1439 1325 1370 1568 1107 1370 1133 1627 1790 1659 1374 1179 1000 1379 1484 1639 1424 1342 1067 1543 1569 1921 1504 1660 1840 1213 1922 1729 1362 1721 1221 1770 1323 1439 1023 1566 1895 1294 1034 1693 1272 1088 1299 1115 1926 1508 1195 1793 1391 1909 1214 1006 1963 1508 1254 1872 1106 1720 1778 1067 1672 1851 1855 1386 1877 1661 1770 1199 1969 1729 1908 1750 1561 1419 1305 1042 1062 1845 1537 1162 1525 1504 1490 BCNSPRNW ULIB Ver.6.0+V

เปลี่ยนเป็นภาษาไทย

Change to English
 แสดงรายละเอียดบรรณานุกรม
  กลับหน้าหลัก

Brief Record : Get Marc (ISO 2709) : E-mail record : QR code < ปิดหน้าต่าง
LEADER : 00000nam 2200000uu 4500
001    13399111811
003     ULIB
008    110708s2547||||th 000 0 tha d
050  4 DS568^bส331ร 2547
100 0  ศักดา ไชยวงศ์
245 10 รายงานสรุปผลโครงการค่ายเรียนรู้ภูมิปัญญาไทย วิถีไทย ของนักศึกษา 8 สถาบัน ครั้งที่ 2 วิทยาลัยในสังกัดสถาบันพระบรมราชชนก เขตภาคเหนือ วันที่ 21-28 พฤษภาคม 2547 /^cศักดา ไชยวงศ์
260    พิษณุโลก :^bวิทยาลัยการสาธารณสุขสิรินธร จังหวัดพิษณุโลก,^c2547
300    116 หน้า
651  7 ภูมิปัญญาไทย
945    ^p0^l0^i016447
995    ทศพร
999 ^a ใช้งานได้ทุกระบบ
รายการนี้ยังไม่มีแท็ก
คุณยังไม่ได้ล็อกอิน คุณสามารถมีกิจกรรมร่วมกับเว็บไซต์ได้ แต่ต้องล็อกอินก่อน ::
  ล็อกอิน

รายการสื่อสารสนเทศ

ลำดับที่ ประเภท เลขเรียก/บาร์โค้ด สถานที่ สถานะ
- ไม่พบข้อมูล -

BibComment


ยังไม่เคยถูกคอมเมนท์

คอมเมนท์ทรัพยากรรายการนี้
  คอมเมนท์: รายงานสรุปผลโครงก..


 Copyright 2026. Bcnsprnw @Library